Geography Quiz

Random Geography or City Quiz

Longest Arkansas City Names Quiz Stats

 Plays Quiz not verified by Sporcle

Score 0/11 Timer 08:00
0 Plays Today
County City % Correct
PhillipsHelena-West Helena (16 letters)
95.8%
PulaskiNorth Little Rock (15 letters)
95.8%
PulaskiCammack Village (14 letters)
62.5%
CrittendenCrawfordsville (14 letters)
50%
IndependencePleasant Plains (14 letters)
50%
BentonSulphur Springs (14 letters)
50%
Sharp/FultonCherokee Village (15 letters)
45.8%
GreeneOak Grove Heights (15 letters)
45.8%
JacksonCampbell Station (15 letters)
41.7%
HowardMineral Springs (14 letters)
41.7%
RandolphRavenden Springs (15 letters)
37.5%

You're not logged in!

Compare scores with friends on all Sporcle quizzes.
OR
Log In

Sporcle TV

Today on Sporcle TV


Watch our educational content, quiz creation guides, and fun videos on Sporcle TV.

Show Comments

Extras

Top Quizzes Today


Score Distribution

Your Account Isn't Verified!

In order to create a playlist on Sporcle, you need to verify the email address you used during registration. Go to your Sporcle Settings to finish the process.

Report this User

Report this user for behavior that violates our Community Guidelines.

Details: